Responses for Show #5029 - Thursday, June 22, 2006

Contestants

[<< previous game]

Theresa Larson, a music director from Katy, Texas

Kathy Damstra, an assistant attorney general from Tucson, Arizona

Clark Floyd, an accountant from Savannah, Georgia (whose 2-day cash winnings total $36,400)

[next game >>]

Jeopardy! Round responses

PRESIDENTIAL QUOTATIONS
COLLEGE HOOPS
NAMES OF THE 12 APOSTLES
DEAD SCIENTISTS' SOCIETY
McPEOPLE
"U" KNOW YOU KNOW
    $200 17
Lincoln

Clark
    $200 1
the University of Florida

Clark
    $200 6
John

Clark
    $200 25
Pavlov

Kathy
    $200 9
McKinley

Clark
    $200 12
underhand

Kathy
    $400 18
George H.W. Bush (George... Bush... the dad accepted)

Theresa
    $400 2
Madison Square Garden

Kathy
    $400 7
James

Clark
    $400 27
Pierre & Marie Curie

Theresa
    $400 22
Larry McMurtry

Theresa
    $400 13
Uncle Remus

Theresa
    $600 19
Concord & Lexington

Theresa
    $600 3
Pete Maravich

Kathy
    $600 8
Thomas

Kathy
    $600 28
Robert Goddard

Clark
    $2,000 23
(James) McHenry

Theresa
    $600 14
the UN

Clark
    $800 20
the Tonkin Resolution

Theresa
    $800 4
John Wooden

Clark
    $800 10
Philip

Kathy
    $800 29
Ptolemy

Clark
    $800 24
McAuliffe

Clark
    $800 15
the U-2

Clark
    $1000 21
(Clark: Who is Lincoln?)

Grover Cleveland

Clark
Triple Stumper
    $1000 5
Larry Bird

Clark
    $1000 11
Simon

Triple Stumper
    $1000 30
Archimedes

Triple Stumper
    $1000 26
Marshall McLuhan

Theresa
    $1000 16
the ulna

Clark

Scores at the first commercial break (after clue 16):

Clark Kathy Theresa
$5,200 $2,600 $400

Scores at the end of the Jeopardy! Round:

Clark Kathy Theresa
$6,600 $2,800 $6,000

Double Jeopardy! Round responses

HEROES OF LITERATURE
THE NEW YORK TIMES MOVIE REVIEWS
THE FABULOUS 14th CENTURY
ROBOTICS
IT WAS THE OCEAN TO BE PACIFIC
FROM THE LATIN
    $400 2
Don Quixote

Kathy
    $400 1
Curious George

Theresa
    $400 22
Poland

Theresa
    $400 18
an assembly line

Kathy
    $400 13
(Clark: What is Elders?)

Chiefs

Clark
Triple Stumper
    $400 7
ten

Theresa
    $800 4
(Clark: Who is Odysseus?)

Achilles

ClarkTheresa
    $800 3
the Ewoks

Theresa
    $800 23
(Kathy: What is the Byzantine Empire?)
(Theresa: What is the Holy Roman Empire?)
(Clark: What is the Roman Empire?)

the Ottoman Empire

ClarkKathyTheresa
Triple Stumper
    $800 26
(Clark: What is eye surgery?)
(Theresa: What is microsurgery?)
(Kathy: What is laser surgery?)

brain surgery

ClarkKathyTheresa
Triple Stumper
    $800 14
a clam

Clark
    $800 9
an apiary

Kathy
    $1200 5
Jean Valjean

Theresa
    $1200 19
The 40-Year-Old Virgin

Theresa
    $1200 24
The Decameron

Clark
    $1200 27
stereoscopic vision (binocular vision accepted)

Clark
    $1200 15
Tonga

Clark
    $1200 10
genuflect

Clark
    $1600 6
The Saint (Simon Templar)

Clark
    $1600 20
Love and Death

Triple Stumper
    $3,000 25
(Clark: What is the Mongolian Empire? Mongolia?)
(Alex: No. It's [*]--)
(Clark: Okay.)
(Alex: --not the Mongolian.)
(Clark: Okay.)
(Alex: Two different definitions.)

the Mongol Empire

Clark
    $1600 28
arm

Theresa
    $1600 16
Australia & the United States

Clark
    $3,000 11
a pomegranate

Clark
    $2000 8
Miss Jane Pittman

Clark
    $2000 21
The Day the Earth Stood Still

Triple Stumper
    $2000 30
Petrarch

Triple Stumper
    $2000 29
autonomous

Clark
    $2000 17
Cabo San Lucas

Clark
    $2000 12
Nasturtium

Triple Stumper

Scores at the end of the Double Jeopardy! Round:

Clark Kathy Theresa
$18,600 $2,800 $11,200

[wagering suggestions for these scores]

Final Jeopardy! Round responses

WASHINGTON, D.C.
[Theresa begins writing late and tosses down her pen in frustrated resignation when her writing is cut off as time expires.]
...
[Just before Theresa's response is revealed, there is an obvious tape edit.]
...
(Alex: [As Theresa's response is revealed] ...C-O-N-G-R, that's an acceptable abbreviation for "Congress".)
KathyWhat is Treasury Bldg?
$2,700
TheresaWhat is the Library of Congr
$7,400
ClarkWhat is The Smithsonian
$4,000
the Library of Congress

Final scores:

Clark Kathy Theresa
$14,600 $100 $18,600
2nd place: $2,000 3rd place: $1,000 New champion: $18,600

Game dynamics:

Coryat scores:

Clark Kathy Theresa
$20,200 $2,800 $9,800
24 R
(including 1 DD),
6 W
(including 1 DD)
9 R,
2 W
16 R
(including 1 DD),
2 W

Combined Coryat: $32,800

[game clues] [game scores] [suggest correction]

Game tape date: Unknown
The J! Archive is created by fans, for fans. Scraping, republication, monetization, and malicious use prohibited; this site may use cookies and collect identifying information. See terms. The Jeopardy! game show and all elements thereof, including but not limited to copyright and trademark thereto, are the property of Jeopardy Productions, Inc. and are protected under law. This website is not affiliated with, sponsored by, or operated by Jeopardy Productions, Inc. Join the discussion at JBoard.tv.